000 00375nam a2200145Ia 4500
008 150201s1997 xx 000 0 und d
082 _a611.018
_bH1997S
100 _aSINGH
245 _aTEXTBOOK OF HUMAN HISTOLOGY WITH COLOUR ATLAS
250 _a13TH
260 _bJAYPEE MEDICAL PUBLISHER
_aDELHI
_c1997
300 _a1-349
650 _aHUMAN HISTOLOGY
942 _2ddc
_cBK
999 _c2504
_d2504